Countries of Asia by Road Signs - Statistics

General Stats
  • This quiz has been taken 46 times
    44 since last reset
  • The average score is 41 of 53
Answer Stats
Picture Answer % Correct
Azerbaijan
95%
Cambodia
95%
Egypt
95%
Syria
92%
Bangladesh
89%
Iraq
89%
Japan
89%
Philippines
89%
Russia
89%
South Korea
89%
Bahrain
86%
Georgia
86%
North Korea
86%
Qatar
86%
Taiwan
86%
Turkmenistan
86%
Kyrgyzstan
84%
Nepal
84%
Vietnam
84%
Cyprus
81%
India
81%
Israel
81%
Pakistan
81%
Palestine
81%
Uzbekistan
81%
China
78%
Hong Kong
78%
Iran
78%
Jordan
78%
Kuwait
78%
United Arab Emirates
78%
Laos
76%
Turkey
76%
Kazakhstan
73%
Oman
73%
Saudi Arabia
73%
Singapore
73%
Tajikistan
73%
Yemen
73%
Indonesia
70%
Malaysia
70%
Sri Lanka
70%
Lebanon
68%
Thailand
68%
Afghanistan
65%
Armenia
65%
Bhutan
65%
Mongolia
59%
Myanmar
59%
Maldives
54%
Macau
49%
Brunei
46%
Timor Leste
43%
No matching quizzes found
Score Distribution
Percent of People with Each Score
Percentile by Number Answered
Your Score History
You have not taken this quiz since the last reset